000
00281nam a2200085Ia 4500
008
220204s9999 xx 000 0 und d
245
0
_a
Development of rubber plantation in Kottayam district Kerala: An expost evaluation study
260
_a
Thiruvananthapuram
_b
NABARD
_c
1990
942
_c
BK
999
_c
43565
_d
43565